Técnicas del atletismo para entrenadores y atletas
Saved in:
| Main Authors: | , |
|---|---|
| Format: | Book |
| Language: | Spanish |
| Published: |
Barcelona
Hispano europea
1974
|
| Series: | Herakles. Biblioteca enciclopédica de los deportes, serie TD-técnicas deportivas
|
| Subjects: | |
| Tags: |
Add Tag
No Tags, Be the first to tag this record!
|
MARC
| LEADER | 00000nam a2200000 a 4500 | ||
|---|---|---|---|
| 001 | UCH8100 | ||
| 003 | CL-VaPUC | ||
| 008 | 091127e19740000SP |||||||||||||||||spa|d | ||
| 020 | |a 8425501199 | ||
| 082 | 0 | 4 | |a 796 |b MOR |2 21 |
| 100 | |a Mortensen, Jess P. |e autor |9 544515 | ||
| 700 | 0 | |a Cooper, John M |e author |9 544516 | |
| 245 | 1 | 0 | |a Técnicas del atletismo para entrenadores y atletas |
| 300 | |a 368 p | ||
| 942 | |c BK | ||
| 945 | |d 20091127 00:00:00 |a ccalabra | ||
| 260 | |a Barcelona |b Hispano europea |c 1974 | ||
| 650 | 0 | |a Deportes |9 224367 | |
| 650 | 7 | |a TECNICAS DEPORTIVAS |2 CL-VaPUC |9 541701 | |
| 650 | 0 | |a Atletismo |9 307422 | |
| 650 | 7 | |a DEPORTES DE PISTA |2 CL-VaPUC |9 311723 | |
| 583 | |a last modification |c 20091127 00:00:00 |k Rodrigo Vera | ||
| 490 | 0 | |a Herakles. Biblioteca enciclopédica de los deportes, serie TD-técnicas deportivas | |
| 999 | |c 338343 |d 338341 | ||